000 00392nam a22001577a 4500
003 macl
005 20241019122529.0
008 241019b |||||||| |||| 00| 0 eng d
040 _cmacl530
082 _a530
100 _aKesav Mohan
_982557
245 _aMaster NCERT for NEET/JEE Physics vol-2
260 _aDehli
_bArihant Publication
_c2024
650 _aphysics
942 _2ddc
_cC. BOOKS
999 _c67099
_d67099